| 000 | 00551 a2200169 4500 | ||
|---|---|---|---|
| 001 | ART_43235 | ||
| 005 | 20260410161737.0 | ||
| 008 | 260409a | ||
| 245 | 1 | 0 | _aCambios ... en el cambio de siglo |
| 100 | 1 | _aLessard, Donald | |
| 700 | 1 | _aSchwartz, Eduardo | |
| 700 | 1 | _aEdwards, Sebastián | |
| 700 | 1 | _ade la Torre, José | |
| 700 | 1 | _aWeinstein, David | |
| 700 | 1 | _aHanssens, Dominique M. | |
| 773 | 0 |
_tEjecutivos de finanzas _gLiderazgo ejecutivo. Cambios...en el cambio de siglo - Año 13, Nº 139 (sep. 1997) _wREV2863 |
|
| 999 |
_c18435 _d18435 |
||